English for Writing Research Papers
Na minha lista:
| Autor principal: | |
|---|---|
| Formato: | Livro |
| Idioma: | inglês |
| Publicado em: |
Cham
Springer
2016
|
| Edição: | 2nd Edition |
| Assuntos: | |
| Tags: |
Sem tags, seja o primeiro a adicionar uma tag!
|
MARC
| LEADER | 00000nam a2200000 4500 | ||
|---|---|---|---|
| 001 | 0295172 | ||
| 005 | 20230817112533.7 | ||
| 020 | |a 978-3-319-26092-1 | ||
| 041 | 0 | |a eng | |
| 044 | |a CH | ||
| 245 | 1 | 0 | |a English for Writing Research Papers |c Adrian Wallwork |
| 250 | |a 2nd Edition | ||
| 264 | 1 | |a Cham |b Springer |c 2016 | |
| 300 | |a 377 s. | ||
| 610 | 2 | 0 | |a angličtina |
| 610 | 2 | 0 | |a výskum |
| 610 | 2 | 0 | |a práce výskumné |
| 610 | 2 | 0 | |a metodika |
| 610 | 2 | 0 | |a terminológia |
| 610 | 2 | 0 | |a štylistika |
| 610 | 2 | 0 | |a recenzie |
| 610 | 2 | 0 | |a organizácia práce vedeckej |
| 100 | 1 | |a Wallwork, Adrian | |